CDM - Statistics

General Stats
  • This quiz has been taken 18 times
    17 since last reset
  • The average score is 4 of 15
Answer Stats
Hint Answer % Correct
If a project is notifiable, who submits notice Client/Employer
88%
Or if its expected to involve more than ___ person days 500
75%
A project is notifiable if it is expected to last more than __ days and have more than __ workers working simultaneously 30 20
63%
What does CDM stand for Construction design and management regulations
38%
What does RIDDOR stand for Reporting of injuries, diseases and dangerous occurrences regulations
38%
HSE enforce CDM. Who are they Health and Safety Executive
25%
An ___________ ______ specifies the remedial action and gives the duty holder a date by which they must complete the action Improvement notice
25%
A ___________ ______ tells the duty holder to stop an activity immediately to prevent serious personal injury Prohibition notice
25%
What is a hazard Anything that may cause harm
13%
Name statutory documentation CPP, HaSF, N, PCI Construction phase plan health and safety file Notification Preconstruction information
13%
Name the 5 necessary welfare facilities SC, WF, CRaL, DW, FfR. Sanitary Conveniences Washing Facilities Changing Rooms and Lockers Drinking Water Facilities for Rest
13%
What actually is a DO (im not telling you the answer to the other question) Incidents with the potential to cause harm
0%
A ______ _______ is a statement by an inspector, that is accepted in writing by the duty holder, that the duty holder has committed an offence for which there is a realistic prospect of conviction Simple caution
0%
What is a risk The chance that somebody could be harmed by the hazard and how serious that harm would be
0%
What must be reported and records kept of under RIDDOR. WRDe WRDi RI DO Work related deaths work related diseases Reportable Injuries Dangerous Occurences
0%
No matching quizzes found
Score Distribution
Percent of People with Each Score
Percentile by Number Answered
Your Score History
You have not taken this quiz since the last reset